Bibliographie Hispanique. (Record no. 6992)

MARC details
000 -CABECERA
campo de control de longitud fija 01084nam a2200289 a 4500
001 - NÚMERO DE CONTROL
campo de control BRCA_7316
005 - FECHA Y HORA DE LA ÚLTIMA TRANSACCIÓN
campo de control 20190320205806.0
008 - DATOS DE LONGITUD FIJA--INFORMACIÓN GENERAL
campo de control de longitud fija 050712m19051914nyu#######---#000-0#fre-#
041 ## - CÓDIGO DE LENGUA
Código de lengua del texto/banda sonora o título independiente fre
044 ## - CÓDIGO DEL PAÍS DE LA ENTIDAD EDITORA/PRODUCTORA
Código MARC del país nyu
050 #4 - SIGNATURA TOPOGRÁFICA DE LA BIBLIOTECA DEL CONGRESO
Número de clasificación Z2685
Número de documento/Ítem .B61 1905
245 10 - MENCIÓN DE TÍTULO
Título Bibliographie Hispanique.
260 ## - PUBLICACIÓN, DISTRIBUCIÓN, ETC.
Lugar de publicación, distribución, etc. Nueva York
Nombre del editor, distribuidor, etc. Hispanic Society of America
Fecha de publicación, distribución, etc. 1905-1914
300 ## - DESCRIPCIÓN FÍSICA
Extensión 10 v.
Dimensiones 19 cm.
500 ## - NOTA GENERAL
Nota general Inicio de la publicación 1905
500 ## - NOTA GENERAL
Nota general Estado físico: los 10 volúmenes se encuentran intonsos ; el v.1.(1905), v.8. (1912), v.9. (1913) y v.10. (1914) se encuentran desojados
500 ## - NOTA GENERAL
Nota general N1
505 0# - NOTA DE CONTENIDO CON FORMATO
Nota de contenido con formato Contenido: v.1. 1905. -- v.2. 1906. -- v.3. 1907. -- v.4. 1908. -- v.5. 1909. -- v.6. -- 1910. -- v.7. 1911. -- v.8. 1912. -- v.9. 1913. -- v.10. 1914.
650 14 - PUNTO DE ACCESO ADICIONAL DE MATERIA--TÉRMINO DE MATERIA
Término de materia o nombre geográfico como elemento de entrada Literatura española
9 (RLIN) 12355
650 14 - PUNTO DE ACCESO ADICIONAL DE MATERIA--TÉRMINO DE MATERIA
Término de materia o nombre geográfico como elemento de entrada Literatura portuguesa
9 (RLIN) 18089
650 14 - PUNTO DE ACCESO ADICIONAL DE MATERIA--TÉRMINO DE MATERIA
Término de materia o nombre geográfico como elemento de entrada Literatura catalana
9 (RLIN) 18090
651 #4 - PUNTO DE ACCESO ADICIONAL DE MATERIA--NOMBRE GEOGRÁFICO
Nombre geográfico Portugal
Subdivisión de forma Bibliografía
9 (RLIN) 18091
651 #4 - PUNTO DE ACCESO ADICIONAL DE MATERIA--NOMBRE GEOGRÁFICO
Nombre geográfico América Latina
Subdivisión de forma Bibliografía
9 (RLIN) 10832
710 2# - PUNTO DE ACCESO ADICIONAL--NOMBRE DE ENTIDAD CORPORATIVA
Nombre de entidad corporativa o nombre de jurisdicción como elemento de entrada Hispanic Society of America
9 (RLIN) 18092
902 ## - CATALOGADOR
Iniciales GFM
942 ## - ELEMENTOS DE PUNTO DE ACCESO ADICIONAL (KOHA)
Fuente del sistema de clasificación o colocación Library of Congress Classification
Tipo de ítem Koha Libros
Holdings
Estado de retiro Estado de pérdida Estado dañado No para préstamo Localización permanente Ubicación/localización actual Fecha de adquisición Número de inventario Total de préstamos Signatura topográfica completa Código de barras Fecha visto por última vez Precio válido a partir de Tipo de ítem Koha
El ejemplar forma parte de la colección y puede ser consultado según las políticas vigentes.       Biblioteca del Museo Franz Mayer (Rogerio Casas-Alatriste) Biblioteca del Museo Franz Mayer (Rogerio Casas-Alatriste) 05/07/2012 N1   Z2685 .B61 1905 (N1) 7899 22/03/2019 22/03/2019 Libros